01682nam a2200433 i 450000100060000000300080000600500170001400600190003100700150005000800410006502000180010603500220012404000310014605000210017708000110019808200120020924501720022126400590039330000410045233600310049333700330052433800430055749000330060058800830063359001620071665000200087865000190089865000260091765000140094365000260095765000150098365500270099870000430102570000480106879700180111683000340113485600630116899900170123186681FINmELB20241217171508.0m o u cr cn|||||||||211227s2020 sp o 000 0 spa d z9786078781119 a(OCoLC)1292941006 aFINmELBbspaerdacFINmELB 4aB765b.C757 2020 a141.3104a23022300aCrisis de la escolástica y el humanismo del siglo de oro español y su influencia en México /cXochitl López Molina, Julieta Lizaola Monterrubio, coordinadoras. 1aCiudad de México :bBonilla Artigas Editores,c2020. a1 recurso en línea (336 páginas) atextobtxt2rdacontent/spa acomputadorabc2rdamedia/spa arecurso en líneabcr2rdacarrier/spa1 aPública filosófica ;v15 aDescripción basada en metadatos suministrados por el editor y otras fuentes. aRecurso electrónico. Santa Fe, Arg.: elibro, 2021. Disponible vía World Wide Web. El acceso puede estar limitado para las bibliotecas afiliadas a elibro. 4aEscolasticismo. 0aScholasticism. 0aPhilosophy, Medieval. 0aHumanism. 4aFilosofía medieval. 4aHumanismo. 4aLibros electrónicos.1 aLópez Molina, Xochitl,ecoordinador.1 aLizaola Monterrubio, Julieta,ecoordinador.2 aelibro, Corp. 0aPública filosófica ;v15.40uhttps://elibro.net/ereader/politecnicointernacional/189599 c86681d86681